[Event "Wch U20 Girls 41st"]
[Site "Petrovac"]
[Date "2025.03.01"]
[Round "5"]
[White "Beber, Anja"]
[Black "Pipiras, Filipa Fortuna"]
[Result "0-1"]
[WhiteElo "1988"]
[BlackElo "2200"]
[PlyCount "84"]
[EventDate "2025.02.25"]
[EventType "swiss"]
[EventRounds "11"]
[EventCountry "MNE"]
[SourceTitle "CB11_2025"]
[SourceDate "2025.03.12"]
[SourceVersion "1"]
[SourceVersionDate "2025.03.12"]
[SourceQuality "1"]

1. Nf3 d5 2. e3 Nf6 3. c4 e6 4. b3 c5 5. Bb2 Nc6 6. cxd5 exd5 7. d4 cxd4 8. exd4 Bb4+ 9. Nbd2 0-0 10. Be2 Ne4 11. 0-0 Nc3 12. Bxc3 Bxc3 13. Rc1 Bb4 14. Qc2 Qf6 15. Qb2 Bg4 16. Rcd1 Rfe8 17. Nb1 Qf4 18. Rd3 Bd6 19. g3 Qh6 20. a3 Re6 21. Nc3 Rae8 22. Rfd1 Qh5 23. R1d2 Rh6 24. h4 Rxe2 25. Rxe2 Bxf3 26. Re8+ Bf8 27. Ree3 Bg4 28. f3 Be6 29. Qg2 Rg6 30. Ne2 Bd6 31. Kf2 Ne7 32. f4 Nf5 33. Rf3 Nh6 34. Ke1 Bf5 35. Rc3 Be4 36. Qf1 Bxf3 37. Rxf3 Qf5 38. Kd2 Bxa3 39. Nc3 a6 40. Qa1 Bf8 41. Qa5 Qd7 42. Re3 Nf5 0-1

[Event "Wch U20 Girls 41st"]
[Site "Petrovac"]
[Date "2025.02.28"]
[Round "4"]
[White "Djendjinovic, Ines"]
[Black "Beber, Anja"]
[Result "0-1"]
[WhiteElo "1841"]
[BlackElo "1988"]
[PlyCount "90"]
[EventDate "2025.02.25"]
[EventType "swiss"]
[EventRounds "11"]
[EventCountry "MNE"]
[SourceTitle "CB11_2025"]
[SourceDate "2025.03.12"]
[SourceVersion "1"]
[SourceVersionDate "2025.03.12"]
[SourceQuality "1"]

1. d4 g6 2. e4 Bg7 3. Nf3 d6 4. c3 Nd7 5. Bd3 e5 6. 0-0 Ngf6 7. Re1 0-0 8. h3 Re8 9. Nbd2 c6 10. a4 Qc7 11. dxe5 dxe5 12. Nf1 Nc5 13. Bc2 b6 14. Ng3 Rd8 15. Bd2 Ba6 16. b4 Ne6 17. Qc1 Bc4 18. Bb1 Rd7 19. Ba2 Bxa2 20. Rxa2 Rad8 21. Rc2 c5 22. Be3 Rc8 23. b5 Rcd8 24. Rd2 c4 25. Red1 Nf4 26. Rxd7 Rxd7 27. Rxd7 Nxd7 28. Ne1 h5 29. Qd1 Nc5 30. Bxc5 Qxc5 31. Qc2 Bh6 32. Ne2 Qa3 33. Nxf4 exf4 34. Nf3 Bg7 35. Nd2 Qc5 36. Nb1 Bf8 37. Qd2 Qe5 38. Qd5 Qf6 39. Qxc4 f3 40. g3 Qg5 41. Qf1 h4 42. Kh2 hxg3+ 43. fxg3 Qe3 44. Qg1 Qe2+ 45. Kh1 f2 0-1

[Event "Wch U14 Girls blitz"]
[Site "Terme Catez"]
[Date "2024.12.16"]
[Round "11"]
[White "Beber, Anja"]
[Black "Dang, Le Xuan Hien"]
[Result "0-1"]
[WhiteElo "1696"]
[BlackElo "1888"]
[PlyCount "44"]
[EventDate "2024.12.16"]
[EventType "swiss (blitz)"]
[EventRounds "22"]
[EventCountry "SLO"]
[SourceTitle "CB51_2024"]
[SourceDate "2024.12.18"]
[SourceVersion "1"]
[SourceVersionDate "2024.12.18"]
[SourceQuality "1"]

1. Nf3 d5 2. e3 Nf6 3. c4 c6 4. b3 Bg4 5. Bb2 e6 6. Be2 Nbd7 7. 0-0 Bd6 8. d4 0-0 9. h3 Bh5 10. Nbd2 Rc8 11. Rc1 Re8 12. Qc2 e5 13. cxd5 e4 14. dxc6 Rxc6 15. Qb1 exf3 16. Nxf3 Rxc1 17. Rxc1 Qe7 18. Qc2 Nb6 19. Qd1 Ne4 20. Nd2 Nxf2 21. Kxf2 Qxe3+ 22. Kf1 Bxe2+ 0-1

[Event "Wch U14 Girls blitz"]
[Site "Terme Catez"]
[Date "2024.12.16"]
[Round "9"]
[White "Beber, Anja"]
[Black "Woytitzki, Maja"]
[Result "1-0"]
[WhiteElo "1696"]
[BlackElo "1710"]
[PlyCount "79"]
[EventDate "2024.12.16"]
[EventType "swiss (blitz)"]
[EventRounds "22"]
[EventCountry "SLO"]
[SourceTitle "CB51_2024"]
[SourceDate "2024.12.18"]
[SourceVersion "1"]
[SourceVersionDate "2024.12.18"]
[SourceQuality "1"]

1. Nf3 Nf6 2. e3 g6 3. d4 Bg7 4. Bd3 0-0 5. 0-0 d6 6. b3 Nbd7 7. Bb2 Re8 8. c4 e5 9. Bc2 Qe7 10. Nc3 b6 11. Re1 Bb7 12. d5 e4 13. Nd2 c6 14. dxc6 Bxc6 15. b4 Rac8 16. Qe2 d5 17. Rad1 dxc4 18. Nxc4 Bb5 19. Nxb5 a6 20. Nbd6 Rxc4 21. Nxe8 Rc6 22. Nxf6+ Nxf6 23. Bxf6 Qxf6 24. Rd7 h5 25. Red1 Kh7 26. Rb7 Qc3 27. Bxe4 Rf6 28. Bf3 Qxb4 29. h3 Qc5 30. Rdd7 Qc1+ 31. Kh2 Rf5 32. Rxf7 Qc3 33. Rxg7+ Qxg7 34. Rxg7+ Kxg7 35. Qxa6 b5 36. Qb7+ Kh6 37. Be4 Rf6 38. Qxb5 Rxf2 39. Qc6 Kh7 40. Qxg6+ 1-0

[Event "Wch U14 Girls rapid"]
[Site "Terme Catez"]
[Date "2024.12.15"]
[Round "7"]
[White "Beber, Anja"]
[Black "Macek, Inti"]
[Result "1-0"]
[WhiteElo "1847"]
[BlackElo "1808"]
[PlyCount "101"]
[EventDate "2024.12.14"]
[EventType "swiss (rapid)"]
[EventRounds "11"]
[EventCountry "SLO"]
[SourceTitle "CB51_2024"]
[SourceDate "2024.12.18"]
[SourceVersion "1"]
[SourceVersionDate "2024.12.18"]
[SourceQuality "1"]

1. Nf3 Nc6 2. e3 e5 3. d4 exd4 4. exd4 d5 5. c3 Nf6 6. Bd3 Be7 7. 0-0 0-0 8. h3 h6 9. Be3 Be6 10. Nbd2 Re8 11. Re1 Bf8 12. Qc2 a6 13. a4 Qc8 14. Bf4 Qd8 15. Ne5 Nxe5 16. Bxe5 Bd6 17. Nf3 Be7 18. Re2 Qd7 19. Bh2 c5 20. Qd2 c4 21. Bc2 Bf5 22. Rae1 Bxc2 23. Qxc2 Ne4 24. Ne5 Qf5 25. f3 Nd6 26. Qxf5 Nxf5 27. g4 Nh4 28. Kf2 Bf6 29. f4 Bxe5 30. dxe5 Ng6 31. f5 Nf8 32. Rd2 Rad8 33. Red1 g6 34. Rxd5 Rxd5 35. Rxd5 gxf5 36. gxf5 Kg7 37. Kf3 Rc8 38. Kf4 Rc6 39. Bg1 Kh7 40. Bd4 Rc8 41. h4 Rc6 42. Rd8 Kg8 43. a5 Rc7 44. Ke4 Rc6 45. Bb6 Kg7 46. f6+ Kg8 47. h5 Re6 48. Bc5 b6 49. Bxf8 b5 50. Bg7+ Kh7 51. Rh8# 1-0

[Event "Wch U14 Girls rapid"]
[Site "Terme Catez"]
[Date "2024.12.15"]
[Round "10"]
[White "Huynh, Phuc Minh Phuong"]
[Black "Beber, Anja"]
[Result "0-1"]
[WhiteElo "1742"]
[BlackElo "1847"]
[PlyCount "74"]
[EventDate "2024.12.14"]
[EventType "swiss (rapid)"]
[EventRounds "11"]
[EventCountry "SLO"]
[SourceTitle "CB51_2024"]
[SourceDate "2024.12.18"]
[SourceVersion "1"]
[SourceVersionDate "2024.12.18"]
[SourceQuality "1"]

1. e4 d6 2. d4 g6 3. Nf3 Bg7 4. Bc4 Nf6 5. Nc3 0-0 6. Qe2 e6 7. e5 dxe5 8. dxe5 Nd5 9. 0-0 c6 10. Ne4 Nd7 11. Ng3 Qc7 12. Re1 b5 13. Bb3 N5b6 14. c3 a5 15. Bg5 a4 16. Bd1 Nc4 17. Bxa4 Ndxe5 18. Nxe5 Qxe5 19. Qg4 Qc7 20. Bb3 Nxb2 21. Qf3 Na4 22. Bxa4 Rxa4 23. Ne4 e5 24. Bf6 Bf5 25. Bxg7 Kxg7 26. Ng3 Be6 27. Qe2 f6 28. Ne4 Bc4 29. Qe3 Bf7 30. a3 Qa7 31. Nc5 Ra5 32. Rad1 Bd5 33. Rxd5 cxd5 34. Ne6+ Kf7 35. Qh3 Rh8 36. c4 Rxa3 37. cxd5 Rxh3 0-1

[Event "Wch U14 Girls"]
[Site "Florianopolis"]
[Date "2024.11.03"]
[Round "6"]
[White "Zhao, Yunqing"]
[Black "Beber, Anja"]
[Result "1-0"]
[WhiteElo "2148"]
[BlackElo "1892"]
[PlyCount "83"]
[EventDate "2024.10.29"]
[EventType "swiss"]
[EventRounds "11"]
[EventCountry "BRA"]
[SourceTitle "CB45_2024"]
[Source "ChessBase"]
[SourceDate "2024.11.06"]
[SourceVersion "1"]
[SourceVersionDate "2024.11.06"]
[SourceQuality "1"]

1. e4 c5 2. Nf3 e6 3. d4 cxd4 4. Nxd4 Bc5 5. Nc3 Qb6 6. Na4 Qa5+ 7. c3 Bxd4 8. Qxd4 Nf6 9. Nc5 Nc6 10. Qd6 b6 11. Nb3 Qe5 12. Qxe5 Nxe5 13. f4 Ng6 14. e5 Nd5 15. g3 Bb7 16. Bg2 Rb8 17. Kf2 f6 18. exf6 gxf6 19. Bd2 Kf7 20. c4 Nde7 21. Rac1 Rhc8 22. Nd4 a6 23. Rhd1 Bxg2 24. Kxg2 Rb7 25. Bb4 Nc6 26. Nxc6 Rxc6 27. a4 Ne7 28. Rc3 Nf5 29. Kf3 Rbc7 30. g4 Ne7 31. Bd6 Rb7 32. Ba3 Ke8 33. Rd4 Rbc7 34. Bd6 Rc8 35. Kf2 Ng6 36. b3 b5 37. c5 Ne7 38. Rh3 e5 39. Rd2 Ng6 40. f5 Nf8 41. axb5 axb5 42. b4 1-0

[Event "Wch U14 Girls"]
[Site "Florianopolis"]
[Date "2024.11.01"]
[Round "4"]
[White "Campos Munoz, Valentina"]
[Black "Beber, Anja"]
[Result "0-1"]
[WhiteElo "1716"]
[BlackElo "1892"]
[PlyCount "120"]
[EventDate "2024.10.29"]
[EventType "swiss"]
[EventRounds "11"]
[EventCountry "BRA"]
[SourceTitle "CB45_2024"]
[Source "ChessBase"]
[SourceDate "2024.11.06"]
[SourceVersion "1"]
[SourceVersionDate "2024.11.06"]
[SourceQuality "1"]

1. e4 e5 2. Nf3 Nc6 3. Bc4 Nf6 4. d3 h6 5. Nbd2 g6 6. c3 Bg7 7. 0-0 d6 8. Bb3 Qe7 9. Re1 0-0 10. Nf1 Nd8 11. Ne3 c6 12. Qc2 Kh8 13. Nc4 Nh5 14. d4 Bg4 15. Qd1 exd4 16. cxd4 Ne6 17. d5 Nd4 18. Be3 c5 19. Bxd4 Bxd4 20. h3 Bxf3 21. Qxf3 b5 22. Na5 Bxb2 23. Nc6 Qf6 24. Qxf6+ Bxf6 25. Rab1 Rfe8 26. Bd1 b4 27. Ba4 Rec8 28. e5 dxe5 29. d6 Nf4 30. Rbd1 Ne6 31. Nxe5 Bxe5 32. Rxe5 Rd8 33. d7 Kg7 34. Rd6 Rab8 35. Bb3 Rb6 36. Rdd5 Kf6 37. f4 Nxf4 38. Re8 Nxd5 39. Rxd8 Rd6 40. Rc8 Rxd7 41. Rxc5 Ne3 42. Kf2 Nf5 43. Rc4 a5 44. Rc6+ Kg5 45. Rc5 Rd2+ 46. Kf3 Kf6 47. Bd5 a4 48. g4 Ne7 49. Bc4 Rc2 50. h4 g5 51. hxg5+ hxg5 52. Ke3 b3 53. axb3 axb3 54. Kd3 Rc1 55. Rb5 Rg1 56. Rb6+ Kg7 57. Bxb3 Rg3+ 58. Kd2 Rxg4 59. Rb7 Re4 60. Rb5 f6 0-1

[Event "EU-ch U14 Girls"]
[Site "Prague"]
[Date "2024.08.31"]
[Round "9"]
[White "Beber, Anja"]
[Black "Aghaverdiyeva, Maryam"]
[Result "1/2-1/2"]
[WhiteElo "1877"]
[BlackElo "1972"]
[PlyCount "62"]
[EventDate "2024.08.22"]
[EventType "swiss"]
[EventRounds "9"]
[EventCountry "CZE"]
[SourceTitle "CBM 221 Extra"]
[Source "ChessBase"]
[SourceDate "2024.09.30"]
[SourceVersion "1"]
[SourceVersionDate "2024.09.30"]
[SourceQuality "1"]

1. Nf3 d5 2. c4 d4 3. b4 Bg4 4. Qb3 Nc6 5. a3 e5 6. h3 Be6 7. d3 f6 8. Nbd2 Nge7 9. Bb2 a5 10. b5 Nb8 11. Ne4 Nd7 12. Qc2 Nf5 13. g3 Nc5 14. Nfd2 Nxe4 15. Nxe4 Nd6 16. Nc5 Bf7 17. Bg2 Ra7 18. 0-0 Be7 19. Nb3 0-0 20. a4 b6 21. Ba3 Nb7 22. c5 Kh8 23. cxb6 cxb6 24. Nd2 Bxa3 25. Rxa3 Nc5 26. Rc1 Qe7 27. Raa1 Rc7 28. Nc4 Bxc4 29. Qxc4 Rfc8 30. Bc6 Qe6 31. Kg2 Qxc4 1/2-1/2

[Event "EU-ch U14 Girls"]
[Site "Prague"]
[Date "2024.08.26"]
[Round "5"]
[White "Beber, Anja"]
[Black "Heibo, Amalie Linnea"]
[Result "1-0"]
[WhiteElo "1877"]
[BlackElo "1656"]
[PlyCount "97"]
[EventDate "2024.08.22"]
[EventType "swiss"]
[EventRounds "9"]
[EventCountry "CZE"]
[SourceTitle "CBM 221 Extra"]
[Source "ChessBase"]
[SourceDate "2024.09.30"]
[SourceVersion "1"]
[SourceVersionDate "2024.09.30"]
[SourceQuality "1"]

1. e4 e6 2. d3 d5 3. Nd2 c5 4. g3 Nc6 5. Bg2 Nf6 6. Ngf3 Be7 7. 0-0 0-0 8. c3 b6 9. Qc2 Bb7 10. Re1 Qc7 11. Nf1 h6 12. Ne3 Rfd8 13. exd5 Nxd5 14. Nxd5 exd5 15. a3 a5 16. Bd2 Re8 17. Qb3 Rad8 18. Bf4 Bd6 19. Rxe8+ Rxe8 20. Bxd6 Qxd6 21. Qxb6 Rb8 22. Qb3 Ba6 23. Qc2 Qg6 24. Rd1 c4 25. Bf1 Qf5 26. Nh4 Qh7 27. Qe2 cxd3 28. Qf3 Rd8 29. Bxd3 Bxd3 30. Qxd3 Qxd3 31. Rxd3 Ne5 32. Rd1 a4 33. Nf5 Kf8 34. Ne3 d4 35. f4 Nc6 36. cxd4 Rxd4 37. Rxd4 Nxd4 38. Nd5 Nb3 39. Kf2 Ke8 40. Ke3 f5 41. Nc3 Nc5 42. Kd4 Nd7 43. Nxa4 g5 44. Nc5 Nf6 45. fxg5 hxg5 46. Ke5 Ng4+ 47. Kxf5 Nxh2 48. Kxg5 Nf3+ 49. Kh5 1-0

[Event "EU-ch U14 Girls"]
[Site "Prague"]
[Date "2024.08.25"]
[Round "4"]
[White "Barteckova, Nikol"]
[Black "Beber, Anja"]
[Result "0-1"]
[WhiteElo "1669"]
[BlackElo "1877"]
[PlyCount "54"]
[EventDate "2024.08.22"]
[EventType "swiss"]
[EventRounds "9"]
[EventCountry "CZE"]
[SourceTitle "CBM 221 Extra"]
[Source "ChessBase"]
[SourceDate "2024.09.30"]
[SourceVersion "1"]
[SourceVersionDate "2024.09.30"]
[SourceQuality "1"]

1. e4 e5 2. Nf3 Qe7 3. Nc3 c6 4. Bc4 h6 5. 0-0 Nf6 6. Re1 d6 7. h3 Qc7 8. d4 Nbd7 9. Be3 Be7 10. Qd2 0-0 11. Rad1 Rd8 12. d5 Nf8 13. Nh2 b5 14. Be2 b4 15. Nb1 Nxe4 16. Qxb4 cxd5 17. Rxd5 Nf6 18. Rdd1 d5 19. Qc3 Qxc3 20. bxc3 Bb7 21. Nf3 Ng6 22. Nbd2 Rac8 23. Rb1 Ba8 24. Bxa7 Rxc3 25. Nb3 Rxc2 26. Bb6 Rb8 27. Bc7 Rxc7 0-1

[Event "EU-ch U14 Girls"]
[Site "Prague"]
[Date "2024.08.24"]
[Round "3"]
[White "Beber, Anja"]
[Black "Nahapetyan, Ani"]
[Result "0-1"]
[WhiteElo "1877"]
[BlackElo "1637"]
[PlyCount "154"]
[EventDate "2024.08.22"]
[EventType "swiss"]
[EventRounds "9"]
[EventCountry "CZE"]
[SourceTitle "CBM 221 Extra"]
[Source "ChessBase"]
[SourceDate "2024.09.30"]
[SourceVersion "1"]
[SourceVersionDate "2024.09.30"]
[SourceQuality "1"]

1. d4 d5 2. c4 c6 3. Nc3 Nf6 4. Nf3 e6 5. Bg5 Nbd7 6. e3 Be7 7. Qc2 0-0 8. h4 c5 9. cxd5 exd5 10. dxc5 Nxc5 11. Rd1 Be6 12. Bc4 Rc8 13. Bxf6 Bxf6 14. Nxd5 Bxd5 15. Bxd5 Qa5+ 16. Qd2 Nd3+ 17. Ke2 Qxd5 18. Qxd3 Qxa2 19. Rd2 Rfd8 20. Nd4 Bxd4 21. exd4 Re8+ 22. Kf3 Qd5+ 23. Kg3 Rc6 24. Kh2 Re4 25. g3 Rce6 26. Rc1 Re8 27. Rc5 Qd6 28. Qxe4 Rxe4 29. Rc8+ Qf8 30. Rxf8+ Kxf8 31. Kg2 Ke7 32. Kf3 Re1 33. Rd3 Kd6 34. Rb3 b6 35. Ra3 Re7 36. Re3 Rc7 37. b3 Kd5 38. Rd3 Re7 39. Re3 Re6 40. Rd3 a5 41. g4 b5 42. g5 a4 43. bxa4 bxa4 44. Ra3 Ra6 45. Ke3 Kc4 46. Ke4 Re6+ 47. Kf5 Kb4 48. Ra1 a3 49. d5 Re8 50. h5 Kb3 51. g6 fxg6+ 52. hxg6 h5 53. d6 Kb2 54. Rh1 a2 55. d7 Rh8 56. Ke6 a1Q 57. Rxa1 Kxa1 58. Ke7 h4 59. d8Q Rxd8 60. Kxd8 h3 61. Ke7 h2 62. Kf7 h1Q 63. Kxg7 Qh5 64. Kf6 Qh4+ 65. Ke6 Qxf2 66. Ke7 Qh4+ 67. Kf7 Qf4+ 68. Kg8 Kb2 69. g7 Kc3 70. Kh7 Qf7 71. Kh8 Qh5+ 72. Kg8 Kd4 73. Kf8 Qf5+ 74. Ke7 Qg6 75. Kf8 Qf6+ 76. Kg8 Ke5 77. Kh8 Qh6+ 0-1

[Event "Nova Gorica op 28th"]
[Site "Nova Gorica"]
[Date "2024.02.02"]
[Round "9"]
[White "Vicic, Mark"]
[Black "Beber, Anja"]
[Result "0-1"]
[WhiteElo "1729"]
[BlackElo "1606"]
[PlyCount "36"]
[EventDate "2024.01.26"]
[EventType "swiss"]
[EventRounds "9"]
[EventCountry "SLO"]
[SourceTitle "CBM 218 Extra"]
[Source "ChessBase"]
[SourceDate "2024.03.31"]
[SourceVersion "1"]
[SourceVersionDate "2024.03.31"]
[SourceQuality "1"]

1. b3 d5 2. Bb2 Bf5 3. Nf3 e6 4. g3 h6 5. Bg2 Nf6 6. 0-0 Nbd7 7. c4 c6 8. d3 Bd6 9. cxd5 cxd5 10. e4 Bg4 11. h3 Bxf3 12. Bxf3 0-0 13. Re1 dxe4 14. dxe4 Be5 15. Nc3 Qa5 16. Na4 b5 17. Bxe5 Nxe5 18. Bg2 Rad8 0-1

[Event "Krapina op 12th"]
[Site "Krapina"]
[Date "2024.01.19"]
[Round "1"]
[White "Beber, Anja"]
[Black "Pandurevic, Miro"]
[Result "0-1"]
[WhiteElo "1606"]
[BlackElo "2168"]
[PlyCount "58"]
[EventDate "2024.01.19"]
[EventType "swiss"]
[EventRounds "7"]
[EventCountry "CRO"]
[SourceTitle "CBM 218 Extra"]
[Source "ChessBase"]
[SourceDate "2024.03.31"]
[SourceVersion "1"]
[SourceVersionDate "2024.03.31"]
[SourceQuality "1"]

1. Nf3 d6 2. d4 g6 3. e3 Bg7 4. Be2 Nf6 5. 0-0 0-0 6. c4 Nbd7 7. Nc3 c6 8. b3 a6 9. Bb2 b5 10. Qc2 Bb7 11. Rfd1 Qb6 12. Rac1 Rfc8 13. Bf1 Rab8 14. a3 a5 15. Qd2 bxc4 16. bxc4 Ba6 17. Rb1 Qc7 18. Rdc1 e5 19. d5 Nc5 20. Rc2 Nfe4 21. Qe1 Nxc3 22. Bxc3 Rxb1 23. Qxb1 cxd5 24. Qe1 Nb3 25. cxd5 Bxf1 26. Qxf1 e4 27. Bxg7 Qxc2 28. Nd4 Nxd4 29. Bxd4 Qd2 0-1

[Event "Wch U12 Girls"]
[Site "Sharm El Sheikh"]
[Date "2023.10.25"]
[Round "10"]
[White "Beber, Anja"]
[Black "Sakun, Darya"]
[Result "1/2-1/2"]
[WhiteElo "1698"]
[BlackElo "1164"]
[PlyCount "82"]
[EventDate "2023.10.16"]
[EventType "swiss"]
[EventRounds "11"]
[EventCountry "EGY"]
[SourceTitle "EXT 2025"]
[Source "ChessBase"]
[SourceDate "2024.10.14"]
[SourceVersion "1"]
[SourceVersionDate "2024.10.14"]
[SourceQuality "1"]

1. d4 b6 2. Nf3 Bb7 3. e3 e6 4. Bd3 c5 5. b3 g6 6. Bb2 Bg7 7. 0-0 Ne7 8. Nbd2 0-0 9. c4 d5 10. Rc1 Nd7 11. Qe2 Rc8 12. Rfd1 cxd4 13. exd4 Nc6 14. Bb1 Re8 15. Ne5 Ncxe5 16. dxe5 Qe7 17. Qe3 Red8 18. f4 Qe8 19. cxd5 Rxc1 20. Rxc1 Bxd5 21. Rc7 Bf8 22. Rxa7 Bc5 23. Bd4 Bxd4 24. Qxd4 Nc5 25. Qf2 Be4 26. b4 Bxb1 27. bxc5 bxc5 28. h3 Qb5 29. Nxb1 Qxb1+ 30. Kh2 c4 31. Rc7 Qd3 32. Qc5 Ra8 33. Qc6 Qd5 34. Qxc4 Qxc4 35. Rxc4 Rxa2 36. Rc8+ Kg7 37. Rc3 Re2 38. Kg3 h6 39. Kf3 Ra2 40. Re3 Ra1 41. Kf2 Ra2+ 1/2-1/2

[Event "Wch U12 Girls"]
[Site "Sharm El Sheikh"]
[Date "2023.10.23"]
[Round "8"]
[White "Beber, Anja"]
[Black "Uyangalyankhua, Batzaya"]
[Result "0-1"]
[WhiteElo "1698"]
[BlackElo "1337"]
[PlyCount "80"]
[EventDate "2023.10.16"]
[EventType "swiss"]
[EventRounds "11"]
[EventCountry "EGY"]
[SourceTitle "EXT 2025"]
[Source "ChessBase"]
[SourceDate "2024.10.14"]
[SourceVersion "1"]
[SourceVersionDate "2024.10.14"]
[SourceQuality "1"]

1. d4 Nf6 2. Nf3 g6 3. c4 c5 4. d5 b5 5. cxb5 a6 6. b6 d6 7. Nc3 Bg7 8. e4 Nbd7 9. Bd3 0-0 10. 0-0 Nxb6 11. h3 Bd7 12. Qe2 Qc8 13. Nd2 Nh5 14. Nc4 Nxc4 15. Bxc4 Bd4 16. Kh2 e5 17. dxe6 fxe6 18. f4 Qd8 19. g4 Nxf4 20. Bxf4 Rxf4 21. Rxf4 Be5 22. Qf3 g5 23. Ne2 gxf4 24. Rf1 Qg5 25. Kg2 Rf8 26. Bxa6 Bc6 27. Bd3 Bxb2 28. a4 Be5 29. a5 Qd8 30. a6 Qa8 31. Kg1 d5 32. exd5 Bxd5 33. Qf2 f3 34. Qh4 Qa7 35. Qg5+ Bg7 36. Bb5 c4+ 37. Kh2 Qb8+ 38. Ng3 Qxb5 39. Nh5 Qb2+ 40. Kg3 Qe5+ 0-1

[Event "Wch U12 Girls"]
[Site "Sharm El Sheikh"]
[Date "2023.10.19"]
[Round "4"]
[White "Beber, Anja"]
[Black "Popenkova, Varvara"]
[Result "0-1"]
[WhiteElo "1698"]
[BlackElo "1542"]
[PlyCount "116"]
[EventDate "2023.10.16"]
[EventType "swiss"]
[EventRounds "11"]
[EventCountry "EGY"]
[SourceTitle "EXT 2025"]
[Source "ChessBase"]
[SourceDate "2024.10.14"]
[SourceVersion "1"]
[SourceVersionDate "2024.10.14"]
[SourceQuality "1"]

1. Nf3 c5 2. b3 d5 3. e3 Nf6 4. Bb2 Nc6 5. d4 cxd4 6. exd4 Bf5 7. Nh4 Bg4 8. Qd3 a6 9. h3 Bd7 10. a3 Rc8 11. Qd1 g6 12. Bd3 Bg7 13. 0-0 0-0 14. Nf3 Nh5 15. Qd2 Qc7 16. Re1 Nf4 17. Bf1 Qd6 18. Ne5 Ne6 19. Qe3 Nxe5 20. dxe5 Qc5 21. Qxc5 Rxc5 22. c3 b5 23. g3 Ng5 24. Nd2 Nxh3+ 25. Kg2 Ng5 26. f4 Ne6 27. Nf3 Rc7 28. Rad1 Bc6 29. Kf2 Nc5 30. Nd4 Ne4+ 31. Kf3 Bb7 32. Re3 Rfc8 33. c4 bxc4 34. bxc4 dxc4 35. Rxe4 f5 36. exf6 exf6 37. Ke3 Bxe4 38. Kxe4 f5+ 39. Kf3 c3 40. Bc1 Rd8 41. Bxa6 Rxd4 42. Rxd4 Bxd4 43. a4 Kf7 44. a5 Rc5 45. Ke2 Rxa5 46. Bc4+ Ke7 47. Kd3 Bf6 48. Be3 Kd6 49. Bg8 h6 50. Bf7 g5 51. fxg5 hxg5 52. Bb3 Ra3 53. Kc2 Ra8 54. Bf7 Rf8 55. Bb3 Rh8 56. Kd3 Rh3 57. Bf2 Be5 58. Be1 Bxg3 0-1